Countries With The Most UNESCO World Heritage Sites - Statistics

General Stats
  • This quiz has been taken 169 times
  • The average score is 21 of 25
Answer Stats
# #Sites Answer % Correct
1 55 China
99%
5 45 France
99%
1 55 Italy
99%
8 32 United Kingdom
99%
10 24 United States of America
99%
3 48 Spain
97%
4 46 Germany
94%
12 23 Japan
94%
7 35 Mexico
94%
9 29 Russia
94%
13 22 Brazil
93%
14 20 Canada
92%
6 38 India
91%
18 17 Portugal
88%
14 20 Australia
86%
16 18 Turkey
86%
16 18 Greece
84%
19 16 Poland
83%
10 24 Iran
76%
21 14 South Korea
76%
24 12 Peru
74%
20 15 sweden
74%
24 12 Switzerland
64%
21 14 Czech Republic
59%
23 13 Belgium
52%
No matching quizzes found
Score Distribution
Percent of People with Each Score
Percentile by Number Answered
Your Score History
You have not taken this quiz